BIBLIOTECA PODER JUDICIAL
Portal Judicial TDF

Balance, consolidación y desafíos en la actuación del Ministerio Público a diez años de la vigencia del Código Civil y Comercial de la Nación / (Registro nro. 5864)

000 -LEADER
fixed length control field 01328nab a22002177a 4500
003 - CONTROL NUMBER IDENTIFIER
control field OSt
005 - DATE AND TIME OF LATEST TRANSACTION
control field 20260108230205.0
008 - FIXED-LENGTH DATA ELEMENTS--GENERAL INFORMATION
fixed length control field 190514b xxu||||| |||| 00| 0 spa d
040 ## - CATALOGING SOURCE
Transcribing agency PJ
100 ## - MAIN ENTRY--PERSONAL NAME
9 (RLIN) 6750
Personal name María Catalina Bruni
245 10 - TITLE STATEMENT
Title Balance, consolidación y desafíos en la actuación del Ministerio Público a diez años de la vigencia del Código Civil y Comercial de la Nación /
Statement of responsibility, etc María Catalina Bruni, Ornela Piccinelli.
300 ## - PHYSICAL DESCRIPTION
Extent p. 275-288
505 ## - FORMATTED CONTENTS NOTE
Formatted contents note Sumario: I. Introducción.— II. El MPT: entre continuidades y resignificaciones en clave de DD. HH.— III. Ajustes procesales en clave de igualdad. Un marco teórico desde el derecho procesal.— IV. Reforzamientos procesales con perspectiva de derechos humanos a través de la figura del MPT.— V. El desafío de la legitimación transversal del MP: la proyección del art. 103 del Cód. Civ. y Com. y sus tensiones.— VI. A modo de balance.
505 ## - FORMATTED CONTENTS NOTE
Title Si te interesa el texto, comunicate a koha@justierradelfuego.gov.ar
650 #0 - SUBJECT ADDED ENTRY--TOPICAL TERM
9 (RLIN) 1497
Topical term or geographic name as entry element CODIGO CIVIL Y COMERCIAL
650 #0 - SUBJECT ADDED ENTRY--TOPICAL TERM
9 (RLIN) 967
Topical term or geographic name as entry element DERECHO DE FAMILIA
650 #0 - SUBJECT ADDED ENTRY--TOPICAL TERM
9 (RLIN) 4022
Topical term or geographic name as entry element MINISTERIO PÚBLICO FISCAL
700 ## - ADDED ENTRY--PERSONAL NAME
9 (RLIN) 4688
Personal name Piccinelli, Ornela
Función coautor
773 0# - HOST ITEM ENTRY
Host Biblionumber 2844
Host Itemnumber 3222
Place, publisher, and date of publication Buenos Aires : AbeledoPerrot, 1989-
Title Derecho de familia. N° 120 - Julio 2025
International Standard Book Number 18511201
942 ## - ADDED ENTRY ELEMENTS (KOHA)
Source of classification or shelving scheme
Koha item type Analítica Artículo de Revista

No hay ítems disponibles.

12 de Octubre 789 Ushuaia - Tel:  54(02901)441571
Horario de Atención: 8.00 a 17.00 hs. 
bibliotecaush@justierradelfuego.gov.ar
koha@justierradelfuego.gov.ar
Seguinos en nuestras redes @bibliojustdf 

Con tecnología Koha